LEADER 01249nam0-22003131i-450- 001 990002872220403321 035 $a000287222 035 $aFED01000287222 035 $a(Aleph)000287222FED01 035 $a000287222 100 $a20000920d1997----km-y0itay50------ba 101 0 $aITA 200 1 $a<>analisi multidimensionale dei dati di preferenza : una strategia esplorativa per la conjoint analysis$fGiuseppe Giordano 210 $aNapoli$cDipartimento di Matematica e Statistica. Università degli Studi di Napoli Federico II$d1997 215 $a133 p.$d29 cm 300 $aTesi di dottorato in ricerca in "Statistica computazionale e applicazioni": IX ciclo. Dipartimento di Matematica e Statistica Università degli Studi di Napoli Federico II 610 0 $aTesi di dottorato 610 0 $aAnalisi multivariata e multidimensionale dei dati 610 0 $aMetodi fattoriali 676 $a519.5 700 1$aGiordano,$bGiuseppe$09404 801 0$aIT$bUNINA$gRICA$2UNIMARC 901 $aBK 912 $a990002872220403321 952 $aXXIX-F-18$b4629$fMAS 959 $aMAS 996 $aAnalisi multidimensionale dei dati di preferenza : una strategia esplorativa per la conjoint analysis$9415715 997 $aUNINA DB $aING01 LEADER 01561cam0-22005291i-450- 001 990003363510403321 005 20110727111605.0 035 $a000336351 035 $aFED01000336351 035 $a(Aleph)000336351FED01 035 $a000336351 100 $a20030910d1987----km-y0itay50------ba 101 0 $aita 102 $aIT 105 $ay-------001yy 200 1 $aLezioni di statistica$fGiovanni Girone, Tommaso Salvemini 205 $aNuova ed. 210 $aBari$cCacucci$d1987 215 $a2 v. (305; 353 p.)$d25 cm 610 0 $aStatistica$aMetodi matematici 610 0 $aStatistica$aManuali lingua italiana 676 $a519.53 676 $a310 700 1$aGirone,$bGiovanni$034768 701 1$aSalvemini,$bTommaso$f<1906-1994>$0334446 801 0$aIT$bUNINA$gRICA$2UNIMARC 901 $aBK 912 $a990003363510403321 952 $aGIR(II)519.53G$b1482B$fDECBC 952 $aGIR(II)519.53C$b1482C$fDECBC 952 $aMSSTAT14D(SR)$b1536B$fDECBC 952 $aGIR(II)519.53A$b1536C$fDECBC 952 $aGIR(II)519.53D$b1937D$fDECBC 952 $aMSSTAT14F(SR)$b1549A$fDECBC 952 $aMSSTAT14L$b1549E$fDECBC 952 $aGIR(II)519.53B$b1549B$fDECBC 952 $aGIR(II)519.53E$b1549C$fDECBC 952 $aGIR(II)519.53F$b1549D$fDECBC 952 $aI-A-77$b453$fMAS 952 $aI-A-83$b453/a$fMAS 952 $aI-A-91$b471$fMAS 952 $aI-A-84$b159$fMAS 952 $aI-A-92$b472$fMAS 959 $aDECBC 959 $aMAS 996 $aLezioni di statistica$9443370 997 $aUNINA LEADER 01031nam0-2200373---450- 001 990000845500203316 005 20050404133603.0 035 $a0084550 035 $aUSA010084550 035 $a(ALEPH)000084550USA01 035 $a0084550 100 $a20020107d1973----||ita|01 ba 101 $aita 102 $aIT 105 $a|||| ||||| 200 1 $a<> sistemi di parentela$fFrancesco Remotti 210 $aTorino$cLoescher$d1973 215 $a321 p$d19 cm 225 $aScienze sociali$v5 410 1$12001$aScienze sociali$v5 606 0 $aParentela 676 $a306.83 702 1$aREMOTTI,$bFrancesco 801 0$aIT$bsalbc$gISBD 912 $a990000845500203316 951 $aIII.2. 344(III D COLL. 14/5)$b116699 LM$cIII D COLL. 959 $aBK 969 $aUMA 979 $aPATTY$b90$c20020107$lUSA01$h1015 979 $c20020403$lUSA01$h1730 979 $aPATRY$b90$c20040406$lUSA01$h1658 979 $aCOPAT3$b90$c20050404$lUSA01$h1336 996 $aSistemi di parentela$9968159 997 $aUNISA